Statistiques concernant Mot mystérieux - Série 31

Cliquez ici pour prendre le quiz!

Statistiques générales

  • Ce quiz a été pris 88 fois
  • Le résultat moyen est 6 sur 10

Statistiques - réponses

IndicesMot% Correct
Bleu - Ombilical - Sanitaire - BourseCordon
91%
Air - Clémence - 18 juin - SecoursAppel
81%
Décès - Donation - Naissance - PrésenceActe
76%
Canon - Trainée - Yeux - RizPoudre
75%
Coq - Funèbre - Cygne - SirènesChant
71%
Paix - Instruction - Enfants - TutellesJuge
54%
Sérum - La Palisse - Scientifique - CacherVérité
51%
Pilote - Pied - Champ - VitesseCourse
49%
Poule - Canon - Péché - SaucisseChair
48%
Ange - Poussière - Aigle - PouleNid
34%

Distribution des résultats

Percentile par nombre de réponses

% des personnes avec chaque résultat

Votre développement - résultats

Vous n’avez pas pris ce quiz